| 000 | 00380nam a2200157Ia 4500 | ||
|---|---|---|---|
| 008 | 230917s9999||||xx |||||||||||||| ||und|| | ||
| 040 |
_e51097 _aMAIN |
||
| 041 | _aEnglish | ||
| 082 | _a412 U4P | ||
| 100 | _aUllmann, Stephen | ||
| 245 | 4 | _aThe Princeples of semantics | |
| 250 | _a2nd ed. | ||
| 260 |
_aOxford _bBasil Blackwell _c1967 |
||
| 300 | _axii, 352 p. | ||
| 942 | _cBK | ||
| 999 |
_c217530 _d217530 |
||